000 00386nam a2200121Ia 4500
008 171212s9999 xx 000 0 und d
020 _a9780874211146
100 _aWilson, William
245 _cWilson, William
_aOn Being Human
_bFolklore of Mormon Missionaries
260 _bUniversity Press of Colorado
_c1981
650 _aSociology
856 _uhttp://www.jstor.org/stable/j.ctt4cgkjm
999 _c353131
_d353131